000
00292nam a2200097Ia 4500
082
_a
821.9208 THRO
245
0
_a
Throbbing ink : six South African poets
100
_a
Nghalaluma, Wisani Elim Hospital, Limpopo, 2003
_9
64732
942
_c
BK
008
210817s9999 xx 000 0 und d
999
_c
206292
_d
206291